NFL Player by Stat 2025 - Statistics

General Stats
  • This quiz has been taken 108 times
  • The average score is 4 of 11
Answer Stats
Hint Answer % Correct
45 total Touchdowns Lamar Jackson
85%
12 Quarterback rushing Touchdowns Josh Allen
81%
16 Rushing Touchdowns Derrick Henry
79%
2,005 rush yards Saquon Barkley
64%
100.5 receiving yards per game Ja'Marr Chase
51%
5.9 yards per rush Derrick Henry
26%
9 Interceptions Kerby Joseph
23%
6 Forced Fumbles T.J Watt
18%
1,146 Tight end receiving yards Trey McBride
13%
1,194 rookie receiving yards Brock Bowers
8%
22.36 mph in one play KaVontae Turpin
1%
No matching quizzes found
Score Distribution
Percent of People with Each Score
Percentile by Number Answered
Your Score History
You have not taken this quiz